[Event "IND-ch (Women) 48th"]
[Site "Hatkanangale"]
[Date "2023.01.02"]
[Round "8"]
[White "Arya, Dabholkar"]
[Black "Tejasvee, Naresh Singh"]
[Result "0-1"]
[WhiteElo "1179"]
[BlackElo "1334"]
[PlyCount "160"]
[EventDate "2022.12.26"]
[EventType "swiss"]
[EventRounds "11"]
[EventCountry "IND"]
[SourceTitle "CBM 212 Extra"]
[Source "ChessBase"]
[SourceDate "2023.03.31"]
[SourceVersion "1"]
[SourceVersionDate "2023.03.31"]
[SourceQuality "1"]

1. e4 c5 2. Nf3 d6 3. Bb5+ Bd7 4. c4 a6 5. Bxd7+ Qxd7 6. Nc3 e6 7. d4 cxd4 8. Qxd4 Nc6 9. Qd3 Nf6 10. h3 Be7 11. Be3 Qc7 12. 0-0 0-0 13. Rfd1 Rac8 14. b3 Rfd8 15. Na4 Nd7 16. Bf4 e5 17. Be3 Nc5 18. Bxc5 dxc5 19. Qc3 Nd4 20. Kf1 b5 21. Nb2 b4 22. Qd3 Nb5 23. Qc2 Nd4 24. Qd3 f6 25. Na4 Qb7 26. Rac1 Bd6 27. Nh4 Bf8 28. Qe3 Rc6 29. Rd3 Rcd6 30. Rcd1 Qc7 31. Nb2 Nc2 32. Qe2 Rxd3 33. Rxd3 Nd4 34. Qd2 g6 35. Qe3 Qe7 36. Nf3 Bg7 37. Ne1 Qf8 38. Qg3 f5 39. exf5 Qxf5 40. Qg4 Qf6 41. Qe4 Rf8 42. f3 Kh8 43. Nd1 Nf5 44. Kf2 Qg5 45. Qg4 Qc1 46. Qe4 Qg5 47. Qg4 Qf4 48. Qxf4 exf4 49. Nc2 Re8 50. Rd2 h6 51. Kg1 Re6 52. Nf2 Ng3 53. Nd3 Rd6 54. Rd1 Ne2+ 55. Kf2 Nc3 56. Rd2 Nxa2 57. Nce1 Nc1 58. Rd1 Nxb3 59. Rb1 Nd2 60. Rc1 Bc3 61. Nxc5 Bd4+ 62. Ke2 Bxc5 63. Nd3 Be3 64. Nxb4 Rd4 65. Nxa6 Rxc4 66. Rxc4 Nxc4 67. Nc7 g5 68. Nd5 Ba7 69. Ne7 Ne3 70. h4 Nxg2 71. hxg5 hxg5 72. Ng6+ Kg7 73. Ne5 Bd4 74. Ng4 Ne3 75. Nf2 Kh6 76. Ne4 Kh5 77. Nf2 Kh4 78. Ne4 Nf5 79. Kd3 Bb6 80. Ke2 Ng3+ 0-1

[Event "IND-ch (Women) 48th"]
[Site "Hatkanangale"]
[Date "2022.12.31"]
[Round "6"]
[White "Nivedita, VC."]
[Black "Tejasvee, Naresh Singh"]
[Result "1-0"]
[WhiteElo "1531"]
[BlackElo "1334"]
[PlyCount "65"]
[EventDate "2022.12.26"]
[EventType "swiss"]
[EventRounds "11"]
[EventCountry "IND"]
[SourceTitle "CBM 212 Extra"]
[Source "ChessBase"]
[SourceDate "2023.03.31"]
[SourceVersion "1"]
[SourceVersionDate "2023.03.31"]
[SourceQuality "1"]

1. d4 Nf6 2. c4 e6 3. Nc3 Bb4 4. e3 0-0 5. Bd3 c5 6. a3 Bxc3+ 7. bxc3 Nc6 8. Nf3 d6 9. 0-0 Qc7 10. d5 Na5 11. e4 b6 12. Bg5 Nd7 13. Re1 Ba6 14. dxe6 fxe6 15. e5 Nxe5 16. Nxe5 dxe5 17. Qh5 g6 18. Qg4 Qf7 19. Bh6 Rfd8 20. Re3 Bb7 21. h4 e4 22. Bxe4 Bxe4 23. Rxe4 Rd6 24. Rae1 Re8 25. h5 Qf5 26. hxg6 hxg6 27. Qg3 Rd7 28. Re5 Qf6 29. R1e4 Nc6 30. Rg5 Ne7 31. Rf4 Qh8 32. Rxg6+ Nxg6 33. Qxg6+ 1-0

[Event "IND-ch U14 Girls 34th"]
[Site "Ahmedabad"]
[Date "2022.05.10"]
[Round "3"]
[White "Tejasvee, Naresh Singh"]
[Black "Sneha, Halder"]
[Result "0-1"]
[WhiteElo "1351"]
[BlackElo "1557"]
[PlyCount "128"]
[EventDate "2022.05.09"]
[EventType "swiss"]
[EventRounds "11"]
[EventCountry "IND"]
[SourceTitle "EXT 2023"]
[Source "ChessBase"]
[SourceDate "2022.10.05"]
[SourceVersion "1"]
[SourceVersionDate "2022.10.05"]
[SourceQuality "1"]

1. e4 d5 2. exd5 Qxd5 3. Nc3 Qd8 4. d4 Nf6 5. Nf3 Bg4 6. Be2 c6 7. Be3 e6 8. a3 Nbd7 9. h3 Bh5 10. Ne5 Bxe2 11. Qxe2 Nd5 12. Nxd5 cxd5 13. Bf4 Qb6 14. c3 Nxe5 15. Bxe5 Bd6 16. f4 0-0 17. 0-0 Rae8 18. Rae1 f6 19. Bxd6 Qxd6 20. Qb5 Qc6 21. Qd3 b5 22. Rf2 Rf7 23. Rd2 a5 24. Rc2 Rfe7 25. Rd1 Qb6 26. Kh2 Rc8 27. Rdd2 Rec7 28. f5 b4 29. cxb4 axb4 30. fxe6 Qxe6 31. axb4 Qd6+ 32. Kh1 Qxb4 33. Qf5 Rxc2 34. Rxc2 Rxc2 35. Qxc2 Qxd4 36. Qc8+ Kf7 37. Qd7+ Kg6 38. Qe8+ Kh6 39. Qe2 Qc4 40. Qe3+ g5 41. Qa3 Kg6 42. Qf8 Qc1+ 43. Kh2 Qxb2 44. Qg8+ Kf5 45. Qxh7+ Kf4 46. Qc7+ Ke4 47. Qh7+ f5 48. Qf7 Qe5+ 49. Kh1 d4 50. Qb7+ Ke3 51. Qf3+ Kd2 52. Qf2+ Kc3 53. Qf1 Qe3 54. Qa1+ Kc4 55. Qa6+ Kd5 56. Qb7+ Ke5 57. Qc7+ Ke4 58. Qe7+ Kd3 59. Qa3+ Ke2 60. Qb2+ Qd2 61. Qb5+ d3 62. Qe5+ Qe3 63. Qb2+ d2 64. Qb5+ Ke1 0-1